000 00389nam a22001697a 4500
003 MPLRDC
005 20220104143225.0
008 210129b ||||| |||| 00| 0 eng d
082 _a539.8 XBK
100 _a薛宝琨著
245 _a中国人的软幽默
_c
250 _a一版一刷
260 _a
_b科学出版社
_c1989
300 _b
650 _a
942 _cBK
_o539.8 XBK
999 _c37808
_d37798